[Event "Reykjavik Open 2008"]
[Site "Reykjavik"]
[Date "2008.03.09"]
[Round "7.28"]
[White "Bjarnason, Saevar"]
[Black "Zozulia, Anna"]
[Result "1-0"]
[WhiteElo "2226"]
[BlackElo "2344"]
[PlyCount "57"]
[EventDate "2008.03.03"]

1. e4 g6 2. h4 d5 3. exd5 Qxd5 4. Nc3 Qd6 5. h5 c6 6. hxg6 hxg6 7. Ne4 Qe5 8.
Rxh8 Qxh8 9. Qe2 Be6 10. Ng5 Bf5 11. g4 Bd7 12. N1f3 Qh1 13. Ne5 Nh6 14. Ne4
Bg7 15. Nxd7 Nxd7 16. d4 O-O-O 17. Bf4 Nxg4 18. O-O-O Bh6 19. Ng5 Ngf6 20. Bh3
Qd5 21. c4 Qa5 22. d5 Qxa2 23. dxc6 Qa1+ 24. Kc2 Qa4+ 25. Kb1 bxc6 26. Rd4 Bxg5
27. Bxg5 Qa5 28. f4 Qc5 29. Qd2 1-0

[Event "Reykjavik Open 2008"]
[Site "Reykjavik"]
[Date "2008.03.09"]
[Round "7.29"]
[White "Halldorsson, Jon Arni"]
[Black "Johannesson, Ingvar Thor"]
[Result "0-1"]
[WhiteElo "2174"]
[BlackElo "2338"]
[PlyCount "80"]
[EventDate "2008.03.03"]

1. d4 Nf6 2. Nf3 e6 3. Bg5 h6 4. Bxf6 Qxf6 5. e4 d6 6. Nbd2 g6 7. Be2 Bg7 8. c3
Nd7 9. O-O O-O 10. Qc2 Qe7 11. Rfe1 e5 12. dxe5 Nxe5 13. Nxe5 Qxe5 14. Nc4 Qe7
15. Ne3 c6 16. Rad1 Be6 17. Bc4 Rad8 18. a4 Rfe8 19. Bxe6 Qxe6 20. f3 h5 21. c4
Qe5 22. b3 Qc5 23. Kh1 f5 24. b4 Qxb4 25. Rb1 Qc3 26. Qd1 fxe4 27. Rb3 Qd4 28.
Qxd4 Bxd4 29. Nc2 exf3 30. Rxe8+ Rxe8 31. gxf3 Bb6 32. a5 Bxa5 33. Rxb7 Bb6 34.
Nb4 Rc8 35. Rd7 a5 36. Nd3 Rd8 37. Rb7 Bd4 38. Nf4 Re8 39. Nxg6 Re1+ 40. Kg2
Rg1+ 0-1

[Event "Reykjavik Open 2008"]
[Site "Reykjavik"]
[Date "2008.03.09"]
[Round "7.30"]
[White "Vasilevich, Tatjana"]
[Black "Ragnarsson, Johann"]
[Result "0-1"]
[WhiteElo "2370"]
[BlackElo "2085"]
[PlyCount "86"]
[EventDate "2008.03.03"]

1. d4 d5 2. c4 e6 3. Nf3 c6 4. Qc2 Bd6 5. g3 Nd7 6. Bg2 h6 7. O-O Ngf6 8. Nbd2
O-O 9. b3 Qe7 10. Rd1 b6 11. e4 dxe4 12. Nxe4 Nxe4 13. Qxe4 Nf6 14. Qe2 Bb7 15.
Bb2 Ba3 16. Bc3 Bb4 17. Bxb4 Qxb4 18. Ne5 Rac8 19. Rac1 Qe7 20. c5 b5 21. a4 a6
22. Ra1 Rfd8 23. axb5 axb5 24. Ra7 Nd5 25. Qg4 Qc7 26. Bh3 Ra8 27. Rxa8 Rxa8
28. Re1 Qa5 29. Kf1 Qd8 30. Qh5 Qf6 31. Re2 b4 32. Kg2 Ra1 33. Nd7 Qg5 34. Qxg5
hxg5 35. Rb2 f5 36. g4 Nf4+ 37. Kg3 g6 38. Bg2 Nd3 39. Rd2 f4+ 40. Kh3 Ne1 41.
Nf6+ Kf7 42. Ne4 Ra8 43. Nxg5+ Ke7 0-1

[Event "Reykjavik Open 2008"]
[Site "Reykjavik"]
[Date "2008.03.09"]
[Round "7.31"]
[White "Kjartansson, Gudmundur"]
[Black "Hagesaether, Ellen"]
[Result "1/2-1/2"]
[WhiteElo "2307"]
[BlackElo "2234"]
[PlyCount "71"]
[EventDate "2008.03.03"]

1. d4 Nf6 2. c4 g6 3. Nc3 Bg7 4. e4 d6 5. h3 O-O 6. Bg5 c6 7. Bd3 e5 8. d5 Nbd7
9. Nge2 h6 10. Be3 cxd5 11. cxd5 a6 12. O-O Nh5 13. g4 Nf4 14. Nxf4 exf4 15.
Bxf4 Ne5 16. Kg2 f5 17. Bxe5 Bxe5 18. f4 Bg7 19. gxf5 gxf5 20. exf5 Bxf5 21.
Bxf5 Rxf5 22. Ne4 Qb6 23. Ng3 Rf7 24. Rf2 Rxf4 25. Rxf4 Qxb2+ 26. Rf2 Qxa1 27.
Qxa1 Bxa1 28. Nf5 Kh7 29. Nxd6 Rd8 30. Ne4 Rxd5 31. Rf7+ Kg6 32. Rxb7 Ra5 33.
Rb6+ Kg7 34. Rb7+ Kg6 35. Rb6+ Kg7 36. Rb7+ 1/2-1/2

[Event "Reykjavik Open 2008"]
[Site "Reykjavik"]
[Date "2008.03.09"]
[Round "7.32"]
[White "Limontaite, Simona"]
[Black "Edvardsson, Kristjan"]
[Result "1/2-1/2"]
[WhiteElo "2152"]
[BlackElo "2261"]
[PlyCount "84"]
[EventDate "2008.03.03"]

1. d4 Nf6 2. c4 c5 3. d5 b5 4. cxb5 a6 5. bxa6 Bxa6 6. Nc3 d6 7. g3 g6 8. Bg2
Bg7 9. Nf3 Nbd7 10. Rb1 Nb6 11. b3 Bb7 12. Nh4 Ra7 13. O-O O-O 14. a4 Qd7 15.
h3 Rc8 16. e4 Qd8 17. Re1 Nfd7 18. Bb2 Ba6 19. Nf3 Ne5 20. Nxe5 Bxe5 21. Qd2
Nd7 22. Nd1 Rb8 23. f4 Bxb2 24. Rxb2 Rab7 25. Qc3 Qb6 26. Ne3 Qb4 27. Rc1 Qxc3
28. Rxc3 Rb4 29. a5 Rd4 30. Ra2 Rdb4 31. Ra3 Nf6 32. Nc2 R4b7 33. Kf2 Ne8 34.
Bf1 Bxf1 35. Kxf1 Nc7 36. Re3 Ra8 37. Re1 Nb5 38. Ra4 Nc3 39. Rc4 Rxb3 40. Na1
Ra3 41. Nc2 Rb3 42. Na1 Ra3 1/2-1/2

[Event "Reykjavik Open 2008"]
[Site "Reykjavik"]
[Date "2008.03.09"]
[Round "7.33"]
[White "Thorgeirsson, Sverrir"]
[Black "Thorsteinsson, Arnar"]
[Result "1-0"]
[WhiteElo "2120"]
[BlackElo "2255"]
[PlyCount "59"]
[EventDate "2008.03.03"]

1. e4 c5 2. c3 d6 3. d4 cxd4 4. cxd4 g6 5. Nc3 Bg7 6. f4 Nf6 7. Nf3 O-O 8. Bd3
Nc6 9. Be3 Ng4 10. Bg1 e5 11. fxe5 dxe5 12. d5 Nd4 13. h3 Nh6 14. Bc4 f5 15.
Nxd4 exd4 16. Bxd4 fxe4 17. d6+ Nf7 18. O-O Bf5 19. Bxg7 Kxg7 20. Qd4+ Kh6 21.
g4 Nxd6 22. gxf5 Qg5+ 23. Kh2 Nxf5 24. Qe5 Qd2+ 25. Ne2 Ne3 26. Rf4 Rxf4 27.
Qxf4+ Kg7 28. Qe5+ Kh6 29. Qxe4 Rf8 30. Qh4+ 1-0

[Event "Reykjavik Open 2008"]
[Site "Reykjavik"]
[Date "2008.03.09"]
[Round "7.34"]
[White "Nemcova, Katerina"]
[Black "Bjornsson, Bjorn Freyr"]
[Result "1-0"]
[WhiteElo "2342"]
[BlackElo "2194"]
[PlyCount "51"]
[EventDate "2008.03.03"]

1. e4 e5 2. Nf3 Nc6 3. Bb5 a6 4. Ba4 d6 5. d4 b5 6. Bb3 Nxd4 7. Nxd4 exd4 8. a4
Bb7 9. axb5 axb5 10. Rxa8 Bxa8 11. O-O Nf6 12. Na3 Be7 13. Nxb5 Nxe4 14. Nxd4
O-O 15. Nf5 Bg5 16. Qg4 Qf6 17. f4 Bh6 18. Be3 c5 19. c3 Re8 20. Ra1 Kh8 21.
Nxh6 gxh6 22. Qd7 Rf8 23. Bxf7 Nxc3 24. Bc4 Ne4 25. Ra7 Qg6 26. f5 1-0

[Event "Reykjavik Open 2008"]
[Site "Reykjavik"]
[Date "2008.03.09"]
[Round "7.35"]
[White "Kjartansson, David"]
[Black "Ingvason, Johann"]
[Result "1-0"]
[WhiteElo "2288"]
[BlackElo "2105"]
[PlyCount "69"]
[EventDate "2008.03.03"]

1. e4 e6 2. d4 d5 3. Nc3 Bb4 4. e5 c5 5. a3 cxd4 6. axb4 dxc3 7. Nf3 Qc7 8. Bd3
Nd7 9. O-O Ne7 10. bxc3 Nxe5 11. Nxe5 Qxe5 12. Re1 Qxc3 13. Ra3 Qxb4 14. Rb3
Qh4 15. g3 Qf6 16. Bb2 Qh6 17. Ba3 b6 18. Qg4 e5 19. Qb4 Qe6 20. Bb5+ Bd7 21.
Rxe5 Qxe5 22. Re3 Qxe3 23. fxe3 O-O 24. Bxd7 Ng6 25. Bc6 Rac8 26. Bxd5 Rxc2 27.
Bb3 Rc6 28. Bd5 Rc7 29. h4 Rfc8 30. Bb2 Kh8 31. h5 Ne7 32. Bxf7 Nf5 33. Be6 a5
34. Qf4 Nxg3 35. Qxg3 1-0

[Event "Reykjavik Open 2008"]
[Site "Reykjavik"]
[Date "2008.03.09"]
[Round "7.36"]
[White "Genzling, Alain"]
[Black "Bjornsson, Sverrir Orn"]
[Result "1-0"]
[WhiteElo "2264"]
[BlackElo "2116"]
[PlyCount "83"]
[EventDate "2008.03.03"]

1. e4 Nf6 2. Nc3 e5 3. Bc4 Bc5 4. d3 O-O 5. Bg5 c6 6. Qf3 d6 7. h3 Be6 8. Bb3
Nbd7 9. Nge2 a5 10. g4 b5 11. a4 Bxb3 12. cxb3 bxa4 13. bxa4 Rb8 14. Rb1 Qe7
15. O-O Rb7 16. Ng3 Rfb8 17. Nf5 Qe6 18. Ne2 Rxb2 19. Rxb2 Rxb2 20. Neg3 d5 21.
Be3 d4 22. Bc1 Rb3 23. Qd1 Bf8 24. Qd2 Nc5 25. Qxa5 Nxd3 26. Bg5 Rb8 27. Qa7
Rc8 28. Bxf6 Qxf6 29. Qa6 Rd8 30. Qxd3 g6 31. Rb1 c5 32. a5 gxf5 33. exf5 Qc6
34. Rb6 Qa4 35. Qd2 h6 36. Rxh6 Bxh6 37. Qxh6 f6 38. Nh5 Rd7 39. Nxf6+ Kf7 40.
Nxd7 Qxd7 41. Qh7+ Ke8 42. Qxd7+ 1-0

[Event "Reykjavik Open 2008"]
[Site "Reykjavik"]
[Date "2008.03.09"]
[Round "7.37"]
[White "Steil-Antoni, Fiona"]
[Black "Sigurjonsson, Stefan Th"]
[Result "1/2-1/2"]
[WhiteElo "2122"]
[BlackElo "2136"]
[PlyCount "102"]
[EventDate "2008.03.03"]

1. e4 e6 2. d4 d5 3. Nc3 Nf6 4. Bg5 Be7 5. e5 Nfd7 6. Bxe7 Qxe7 7. f4 a6 8. Nf3
c5 9. dxc5 Qxc5 10. Qd2 Nc6 11. a3 b5 12. Bd3 Bb7 13. Qf2 b4 14. Ne2 Qxf2+ 15.
Kxf2 Ke7 16. Ned4 a5 17. Ke3 Nc5 18. Nb5 Ba6 19. Nfd4 Nxd4 20. Nxd4 Bxd3 21.
cxd3 bxa3 22. Rxa3 Rhc8 23. Rc1 Kd7 24. Rac3 Nb7 25. f5 Rxc3 26. Rxc3 Nd8 27.
b3 a4 28. bxa4 Rxa4 29. g4 Ra2 30. h4 Rh2 31. Nf3 Rg2 32. Kf4 h6 33. Nd4 Rh2
34. Ra3 Rb2 35. Ra7+ Rb7 36. Rxb7+ Nxb7 37. fxe6+ fxe6 38. Nf3 Nc5 39. d4 Nb3
40. g5 Ke7 41. Kg4 Kf8 42. Kh5 hxg5 43. Kxg5 Nc1 44. Kg6 Ne2 45. Kh7 Nf4 46.
Ng5 g6 47. Kh8 Ne2 48. Nxe6+ Ke7 49. Nc7 Nxd4 50. Kh7 Nf3 51. Nxd5+ Kf7 1/2-1/2

[Event "Reykjavik Open 2008"]
[Site "Reykjavik"]
[Date "2008.03.09"]
[Round "7.38"]
[White "Thorsteinsson, Erlingur"]
[Black "Kristinsson, Bjarni Jens"]
[Result "1-0"]
[WhiteElo "2132"]
[BlackElo "1822"]
[PlyCount "113"]
[EventDate "2008.03.03"]

1. Nf3 Nf6 2. b3 d5 3. Bb2 c5 4. e3 Nc6 5. Bb5 Bd7 6. O-O e6 7. c4 a6 8. Bxc6
bxc6 9. d3 Bd6 10. Nbd2 Qc7 11. Re1 Ng4 12. h3 Ne5 13. Nxe5 Bxe5 14. Bxe5 Qxe5
15. Nf3 Qf6 16. Rc1 Rc8 17. e4 O-O 18. e5 Qg6 19. Qd2 f6 20. Rcd1 Be8 21. Qa5
Qf5 22. Qxc5 Bh5 23. Re3 fxe5 24. Rde1 e4 25. dxe4 dxe4 26. Qxf5 exf5 27. Nd4
c5 28. Ne6 Rfe8 29. Nf4 Bf7 30. h4 Red8 31. f3 exf3 32. Rxf3 g6 33. Rd3 a5 34.
a4 Rd4 35. Rxd4 cxd4 36. Re5 Rd8 37. Nd3 Rb8 38. Rb5 Re8 39. Rxa5 Re3 40. Ra8+
Kg7 41. Nc5 Kf6 42. Rd8 Ke5 43. Kf2 Rc3 44. a5 Rc2+ 45. Ke1 Rxg2 46. a6 Ra2 47.
Na4 Bxc4 48. a7 Re2+ 49. Kd1 d3 50. a8=Q Bxb3+ 51. Kc1 Rc2+ 52. Kb1 Ba2+ 53.
Ka1 d2 54. Qb8+ Ke4 55. Qb4+ Ke3 56. Qd4+ Ke2 57. Qd3+ 1-0

[Event "Reykjavik Open 2008"]
[Site "Reykjavik"]
[Date "2008.03.09"]
[Round "7.39"]
[White "Cross, Ted"]
[Black "Finnlaugsson, Gunnar"]
[Result "1/2-1/2"]
[WhiteElo "2079"]
[BlackElo "2128"]
[PlyCount "45"]
[EventDate "2008.03.03"]

1. e4 e6 2. d4 d5 3. Nc3 dxe4 4. Nxe4 Nf6 5. Nxf6+ gxf6 6. Nf3 b6 7. Bf4 Bb7 8.
Be2 Nd7 9. O-O Bd6 10. Bxd6 cxd6 11. Re1 Qc7 12. c4 O-O-O 13. b4 Kb8 14. Qb3
Rdg8 15. Nh4 f5 16. Bf3 Nf6 17. Rac1 Ne4 18. d5 Qd8 19. Bxe4 Qxh4 20. Bf3 Qe7
21. dxe6 fxe6 22. Bxb7 Qxb7 23. f3 1/2-1/2

[Event "Reykjavik Open 2008"]
[Site "Reykjavik"]
[Date "2008.03.09"]
[Round "7.40"]
[White "Gueneau, Christophe"]
[Black "Frank-Nielsen, Marie"]
[Result "1/2-1/2"]
[WhiteElo "2126"]
[BlackElo "1969"]
[PlyCount "50"]
[EventDate "2008.03.03"]

1. Nf3 d5 2. b3 Nf6 3. Bb2 Bg4 4. e3 e6 5. h3 Bh5 6. Be2 h6 7. O-O Nbd7 8. d4
Bd6 9. c4 c6 10. Nc3 O-O 11. Rc1 Rc8 12. a3 Qe7 13. b4 Bxf3 14. Bxf3 dxc4 15.
e4 e5 16. d5 Rfd8 17. Re1 a5 18. dxc6 bxc6 19. bxa5 Bxa3 20. Bxa3 Qxa3 21. Qa4
Qxa4 22. Nxa4 Ra8 23. Rxc4 Rxa5 24. Rec1 Rda8 25. Bd1 c5 1/2-1/2

[Event "Reykjavik Open 2008"]
[Site "Reykjavik"]
[Date "2008.03.09"]
[Round "7.42"]
[White "Fridgeirsson, Dagur Andri"]
[Black "Bjarnason, Oskar"]
[Result "1/2-1/2"]
[WhiteElo "1798"]
[BlackElo "2290"]
[PlyCount "64"]
[EventDate "2008.03.03"]

1. d4 Nc6 2. Nf3 d5 3. c4 e5 4. Nxe5 Nxe5 5. dxe5 d4 6. a3 Ne7 7. Nd2 Nc6 8. f4
f6 9. exf6 Qxf6 10. g3 Bg4 11. Bg2 O-O-O 12. Ne4 Qe6 13. Qd3 Re8 14. Qd2 Qxc4
15. Qd3 Qe6 16. Kf2 Bf5 17. Ng5 Bxd3 18. Nxe6 Bc4 19. f5 Bxe6 20. fxe6 Bc5 21.
b4 Bb6 22. Bh3 Kb8 23. Rd1 Nd8 24. Bb2 Rhf8+ 25. Ke1 Nxe6 26. Bxe6 Rxe6 27.
Bxd4 Rfe8 28. Ra2 Rh6 29. Bxb6 axb6 30. Rd7 Rxh2 31. Rxg7 Rh1+ 32. Kf2 Rh2+
1/2-1/2

[Event "Reykjavik Open 2008"]
[Site "Reykjavik"]
[Date "2008.03.09"]
[Round "7.43"]
[White "Kristinardottir, Elsa Maria"]
[Black "Andersson, Christin"]
[Result "1-0"]
[WhiteElo "1721"]
[BlackElo "2194"]
[PlyCount "66"]
[EventDate "2008.03.03"]

1. e4 e6 2. d4 d5 3. exd5 exd5 4. Bd3 Bd6 5. Nf3 Bg4 6. O-O Ne7 7. Re1 Nbc6 8.
c3 Qd7 9. Bg5 O-O-O 10. Nbd2 Rde8 11. Bxe7 Rxe7 12. Qc2 Bf4 13. h3 Be6 14. Re2
h5 15. Nb3 g5 16. Nc5 Qd6 17. Bf5 g4 18. hxg4 hxg4 19. Nxe6 Bh2+ 20. Kf1 gxf3
21. Ng5+ Kb8 22. Nxf3 Qf6 23. Rd1 Bd6 24. Rxe7 Nxe7 25. g4 Ng6 26. g5 Qe7 27.
Bxg6 fxg6 28. Rd2 Rh1+ 29. Kg2 Qh7 30. Ng1 Qh2+ 31. Kf3 Qxg1 32. Qxg6 Rh3+ 33.
Ke2 Qg4+ 1-0

[Event "Reykjavik Open 2008"]
[Site "Reykjavik"]
[Date "2008.03.09"]
[Round "7.44"]
[White "Almer, Julia"]
[Black "Vigfusson, Vigfus"]
[Result "0-1"]
[WhiteElo "1914"]
[BlackElo "2052"]
[PlyCount "68"]
[EventDate "2008.03.03"]

1. e4 e5 2. Nf3 Nf6 3. Nxe5 d6 4. Nf3 Nxe4 5. d4 d5 6. Bd3 Be7 7. O-O Nc6 8.
Re1 Bg4 9. c3 f5 10. Nbd2 O-O 11. Qb3 Kh8 12. Qxb7 Bh4 13. g3 Nxd2 14. Nxh4 Na5
15. Qa6 Nac4 16. b3 Re8 17. Bxd2 Nxd2 18. Qc6 Rf8 19. Be2 Rf6 20. Qb5 g5 21.
Ng2 Nf3+ 22. Bxf3 Bxf3 23. Re3 Be4 24. f3 f4 25. Rxe4 dxe4 26. fxe4 fxg3 27.
hxg3 Re6 28. Qf5 Qe7 29. e5 Rf8 30. Qg4 Qf7 31. Qe2 Qf3 32. Qe1 Qh5 33. d5 Rh6
34. Nh4 gxh4 0-1

[Event "Reykjavik Open 2008"]
[Site "Reykjavik"]
[Date "2008.03.09"]
[Round "7.45"]
[White "Magnusson, Bjarni"]
[Black "Sanchez Castillo, Sarai"]
[Result "0-1"]
[WhiteElo "1913"]
[BlackElo "2312"]
[PlyCount "134"]
[EventDate "2008.03.03"]

1. d4 d5 2. c4 c6 3. cxd5 cxd5 4. Nf3 Nf6 5. Nc3 Nc6 6. Bf4 e6 7. e3 a6 8. Bd3
Be7 9. O-O O-O 10. h3 b5 11. a3 Na5 12. b3 Bb7 13. a4 b4 14. Na2 Rc8 15. Rc1
Qb6 16. Rxc8 Rxc8 17. Qb1 Ne4 18. Bxe4 dxe4 19. Nd2 Bd5 20. Rc1 Qb7 21. Rxc8+
Qxc8 22. Qc1 Qb7 23. Qc2 f5 24. Nc1 g5 25. Be5 Qc6 26. Qxc6 Nxc6 27. Bc7 e5 28.
dxe5 Kf7 29. Ne2 Bc5 30. Kf1 Ke6 31. g4 fxg4 32. hxg4 Nxe5 33. Bxe5 Kxe5 34.
Ng3 Bf8 35. Ke2 h6 36. f3 exf3+ 37. Nxf3+ Kf6 38. Nd2 Be6 39. Kf3 Ke5 40. Nh5
Kd5 41. Ng3 Bg7 42. Ngf1 Kc6 43. Kg3 Bc3 44. Kf3 Bd5+ 45. Kg3 Bf7 46. Kh3 Kd5
47. Kg3 Ke5 48. Kf3 h5 49. gxh5 Bxh5+ 50. Kg3 Be2 51. Kf2 Bd1 52. Kg3 Kd5 53.
Kf2 g4 54. Kg3 Ke5 55. Kf2 Kf5 56. Kg3 Kg5 57. Ne4+ Kh5 58. Nfd2 Be5+ 59. Kf2
Kh4 60. Kg2 Bc3 61. Kg1 g3 62. Kg2 Kg4 63. Kg1 Kh3 64. Ng5+ Kg4 65. Nge4 Bf3
66. Nxf3 Kxf3 67. Nc5 Bd2 0-1